| 000 | 00609nam a22001937a 4500 | ||
|---|---|---|---|
| 003 | OSt | ||
| 005 | 20250718031351.0 | ||
| 008 | 250718b |||||||| |||| 00| 0 eng d | ||
| 020 | _a9789712371219 | ||
| 040 |
_aDWCL-Main lib _cOC |
||
| 082 | _aFil. 371.102 A173p 2015 | ||
| 100 | _aAcero, Victorina C. D. O. | ||
| 245 |
_aPrinciples of teaching I/ _cVictorina C.D.O Acero |
||
| 260 |
_aManila : _bRex Book Store, _cc2015. |
||
| 300 |
_axiv, 231 pages : _b illustrations ; _c26 cm. |
||
| 504 | _aIncludes bibliographical references and index. | ||
| 650 | _a1. Teaching. | ||
| 942 |
_2ddc _cBK - FIL _kFil. _n0 |
||
| 999 |
_c3753 _d3753 |
||